<?xml version="1.0" encoding="UTF-8"?>
<record
    xmlns:xsi="http://www.w3.org/2001/XMLSchema-instance"
    xsi:schemaLocation="http://www.loc.gov/MARC21/slim http://www.loc.gov/standards/marcxml/schema/MARC21slim.xsd"
    xmlns="http://www.loc.gov/MARC21/slim">

  <leader>00828nam a2200253 a 4500</leader>
  <controlfield tag="001">BRL_1775</controlfield>
  <controlfield tag="005">20190320211350.0</controlfield>
  <controlfield tag="008">290715s1955----mx-a######---#000-0#spa-#</controlfield>
  <datafield tag="041" ind1=" " ind2=" ">
    <subfield code="a">spa</subfield>
  </datafield>
  <datafield tag="044" ind1=" " ind2=" ">
    <subfield code="a">mx</subfield>
  </datafield>
  <datafield tag="050" ind1=" " ind2="4">
    <subfield code="a">F1435</subfield>
    <subfield code="b">.R89 1955</subfield>
  </datafield>
  <datafield tag="100" ind1="1" ind2=" ">
    <subfield code="a">Ruz Lhuillier, Alberto</subfield>
    <subfield code="d">1906-1979</subfield>
    <subfield code="9">23585</subfield>
  </datafield>
  <datafield tag="245" ind1="1" ind2="0">
    <subfield code="a">Uxmal- Kabah - Sayil</subfield>
    <subfield code="b">temporada 1953</subfield>
    <subfield code="c">Alberto Ruz Lhuillier</subfield>
  </datafield>
  <datafield tag="260" ind1=" " ind2=" ">
    <subfield code="a">M&#xE9;xico</subfield>
    <subfield code="b">Instituto Nacional de Antropolog&#xED;a e Historia</subfield>
    <subfield code="c">1955</subfield>
  </datafield>
  <datafield tag="300" ind1=" " ind2=" ">
    <subfield code="a">27 p.</subfield>
    <subfield code="b">il.</subfield>
    <subfield code="c">23 cm.</subfield>
  </datafield>
  <datafield tag="440" ind1=" " ind2="0">
    <subfield code="a">Direcci&#xF3;n de Monumentos Pre-hisp&#xE1;nicos. Informes</subfield>
    <subfield code="v">1</subfield>
    <subfield code="9">27843</subfield>
  </datafield>
  <datafield tag="500" ind1=" " ind2=" ">
    <subfield code="a">Au1956</subfield>
  </datafield>
  <datafield tag="651" ind1=" " ind2="4">
    <subfield code="a">Mayas</subfield>
    <subfield code="x">Antig&#xFC;edades</subfield>
    <subfield code="9">27844</subfield>
  </datafield>
  <datafield tag="651" ind1=" " ind2="4">
    <subfield code="a">Kabah (Yucat&#xE1;n)</subfield>
    <subfield code="x">Antig&#xFC;edades</subfield>
    <subfield code="9">27845</subfield>
  </datafield>
  <datafield tag="651" ind1=" " ind2="4">
    <subfield code="a">Sayil (Yucat&#xE1;n)</subfield>
    <subfield code="x">Antig&#xFC;edades</subfield>
    <subfield code="9">27846</subfield>
  </datafield>
  <datafield tag="651" ind1=" " ind2="4">
    <subfield code="a">Uxmal (Yucat&#xE1;n)</subfield>
    <subfield code="x">Antig&#xFC;edades</subfield>
    <subfield code="9">27847</subfield>
  </datafield>
  <datafield tag="902" ind1=" " ind2=" ">
    <subfield code="a">GRL</subfield>
  </datafield>
  <datafield tag="942" ind1=" " ind2=" ">
    <subfield code="2">lcc</subfield>
    <subfield code="c">B</subfield>
  </datafield>
  <datafield tag="999" ind1=" " ind2=" ">
    <subfield code="c">10583</subfield>
    <subfield code="d">10583</subfield>
  </datafield>
  <datafield tag="952" ind1=" " ind2=" ">
    <subfield code="0">0</subfield>
    <subfield code="1">0</subfield>
    <subfield code="4">0</subfield>
    <subfield code="7">0</subfield>
    <subfield code="a">BRL</subfield>
    <subfield code="b">BRL</subfield>
    <subfield code="d">2015-07-29</subfield>
    <subfield code="i">Au1956</subfield>
    <subfield code="l">0</subfield>
    <subfield code="o">F1435 .R89 1955 (Au1956)</subfield>
    <subfield code="p">GRL01941</subfield>
    <subfield code="r">2019-03-22 00:00:00</subfield>
    <subfield code="w">2019-03-22</subfield>
    <subfield code="y">B</subfield>
  </datafield>
</record>
